<?xml version="1.0" encoding="utf-8"?>
<?xml-stylesheet type='text/xsl' href='./oai2.xsl'?>
<OAI-PMH xmlns="http://www.openarchives.org/OAI/2.0/" xmlns:xsi="http://www.w3.org/2001/XMLSchema-instance" xsi:schemaLocation="http://www.openarchives.org/OAI/2.0/ http://www.openarchives.org/OAI/2.0/OAI-PMH.xsd">
  <responseDate>2026-06-07T05:02:59Z</responseDate>
  <request verb="GetRecord" metadataPrefix="marcxml" identifier="record_kuniweb_948317">https://kulturerbe.niedersachsen.de/oai</request>
  <GetRecord>
    <record>
      <header>
        <identifier>record_kuniweb_948317</identifier>
        <datestamp>2018-03-26T07:18:59Z</datestamp>
        <setSpec>slg0198</setSpec>
      </header>
      <metadata>
        <marc:record xmlns:marc="http://www.loc.gov/MARC21/slim" xsi:schemaLocation="http://www.loc.gov/MARC21/slim http://www.loc.gov/standards/marcxml/schema/MARC21slim.xsd">
          <marc:leader>12345nkm  22     uu 4500</marc:leader>
          <marc:controlfield tag="001">948317</marc:controlfield>
          <marc:controlfield tag="003">http://kuniweb.gbv.de</marc:controlfield>
          <marc:controlfield tag="005">2017-08-29T10:43:42</marc:controlfield>
          <marc:controlfield tag="008">|           ||||||||||||||||||||||</marc:controlfield>
          <marc:datafield tag="245" ind1="1" ind2="0">
            <marc:subfield code="a">Arbeitstreffen</marc:subfield>
          </marc:datafield>
          <marc:datafield tag="655" ind1=" " ind2="7">
            <marc:subfield code="a">Plakate</marc:subfield>
          </marc:datafield>
          <marc:datafield tag="046" ind1=" " ind2=" ">
            <marc:subfield code="k">1978</marc:subfield>
            <marc:subfield code="k">1978</marc:subfield>
          </marc:datafield>
          <marc:datafield tag="260" ind1=" " ind2=" ">
            <marc:subfield code="g">1978</marc:subfield>
            <marc:subfield code="g">1978</marc:subfield>
          </marc:datafield>
          <marc:datafield tag="300" ind1=" " ind2=" ">
            <marc:subfield code="a">Höhe: 42,65 cm
Breite: 30,28 cm</marc:subfield>
          </marc:datafield>
          <marc:datafield tag="520" ind1=" " ind2=" ">
            <marc:subfield code="a">Am 19. März 1977 findet eine der härtesten Auseinandersetzungen um ein AKW in Grohnde statt. 
Nachdem der Besetzungsversuch des AKW Grohnde gescheitert war, richten einige hundert Bürger ein Anti-Atomdorf auf dem Kühlturmbaugelände ein.
Die ersten Grohnde-Prozesse stehen 1978 vor dem Abschluss und enden mit vielmonatigen Gefängnisurteilen. 
In Hamburg wird aus Protest gegen die AKWs und die Verfolgung der AKW-Gegner eine Kirche besetzt.  

Schlagworte: 
Gorleben, Atomkraft, Atommüll, Atomtransport, Aktion, Demonstration, Grohnde. 

 (Gorleben Archiv / Birgit Huneke)

Text:
Aktionswochenende der Bürgerinitiativen gegen Atomanlagen vom 9.-11.6.1978
Demonstration
zur Solidarität mit den Angeklagten in Grohnde-Prozessen
10.6.78 10.00 sammeln Welfenbunker, 11.00 Abmarsch
12.30 Kundgebung Opernplatz
Es sprechen: 
Ein Angeklagter, Prof. Jens Scheer, ein BR-Mitglied
Arbeitstreffen
10.6.78 Beginn 16.00h
mit Info-Meeting zu:
Kalkar, Gorleben, Brokdorf, Grohnde
Arbeitsgruppen zu den Themen: Demokratie und Widerstandsformen, Anti-AKW-Bewegung und Gewerkschaften, Gorleben, Verwaltungsgerichtsverfahren und anderes
Vom 9.6.-11.6.78 im Audi Max Ausstellung, Kunst im Kampf gegen AKW`s .....und während des Aktionswochenendes, kleines Kulturprogramm....
Veranstaltung
Thema: Atomenergieprogramm und Demokratie
9.6.78 19.30h Audi-Max mit:
Prof. Jens Scheer, einem rechtsanwalt, einem Kandidaten der "Bunten Liste Wehrt euch", einem Grohnde Angeklagten, W. Soyka, Richter Ostermeier, u. evtl. ein Mitglied der BI-Lüchow-Dannenberg
Veranstalter: Asta der TU, gemeinsam mit Bürgerinitiativen
Wo Recht zu Unrecht wird, wird Widerstand zur Pflicht!  (Unbekannt)

Verwendungszweck:
Protest gegen die Atomanlagen in Gorleben</marc:subfield>
          </marc:datafield>
          <marc:datafield tag="650" ind1="1" ind2=" ">
            <marc:subfield code="a">Widerstand</marc:subfield>
          </marc:datafield>
          <marc:datafield tag="650" ind1="1" ind2=" ">
            <marc:subfield code="a">Protest</marc:subfield>
          </marc:datafield>
          <marc:datafield tag="650" ind1="1" ind2=" ">
            <marc:subfield code="a">Kernenergie</marc:subfield>
          </marc:datafield>
          <marc:datafield tag="650" ind1="1" ind2=" ">
            <marc:subfield code="a">Plakate</marc:subfield>
          </marc:datafield>
          <marc:datafield tag="773" ind1="0" ind2=" ">
            <marc:subfield code="t">Plakate - Sammlung. Protestkultur gegen die Atomanlagen in Gorleben</marc:subfield>
          </marc:datafield>
          <marc:datafield tag="852" ind1=" " ind2=" ">
            <marc:subfield code="a">Gorleben Archiv e.V.</marc:subfield>
          </marc:datafield>
          <marc:datafield tag="" ind1=" " ind2=" ">
            <marc:subfield code="a">Rechte vorbehalten – Freier Zugang</marc:subfield>
          </marc:datafield>
        </marc:record>
      </metadata>
    </record>
  </GetRecord>
</OAI-PMH>
